[Event "7th Capablanca Memorial GM 2019"]
[Site "Anogia"]
[Date "2019.09.19"]
[Round "9.5"]
[White "Mirzoev, Emil"]
[Black "Audi Ameya"]
[Result "1/2-1/2"]
[WhiteElo "2477"]
[BlackElo "2329"]
[Annotator "ChessBase"]
[PlyCount "30"]
[EventDate "2019.09.11"]
[EventType "tourn"]
[EventCountry "GRE"]
[SourceTitle "playchess.com"]
[Source "ChessBase"]
[SourceQuality "1"]
[TimeControl "40/5400+30:1800+30"]

1. Nf3 {[%emt 0:00:00]} Nf6 {[%emt 0:00:00]} 2. g3 {[%emt 0:00:00]} g6 {[%emt 0:00:00]} 3. b3 {[%emt 0:00:10]} Bg7 {[%emt 0:00:00]} 4. Bb2 {[%emt 0:00:05]} d6 {[%emt 0:02:15]} 5. d4 {[%emt 0:02:35]} c5 {[%emt 0:05:52]} 6. Bg2 {[%emt 0:02:40]} cxd4 {[%emt 0:02:20]} 7. Nxd4 {[%emt 0:00:48]} d5 {[%emt 0:00:12]} 8. c4 {[%emt 0:01:35]} dxc4 {[%emt 0:00:27]} 9. bxc4 {[%emt 0:00:06]} Qb6 {[%emt 0:00:37]} 10. Qc1 {[%emt 0:09:04]} Ne4 {[%emt 0:08:54]} 11. Bxe4 {[%emt 0:02:35]} Bxd4 {[%emt 0:00:07]} 12. Bxd4 {[%emt 0:00:30]} Qxd4 {[%emt 0:00:04]} 13. Qc3 {[%emt 0:00:34]} Qxc3+ {[%emt 0:02:04]} 14. Nxc3 {[%emt 0:00:06]} Na6 {[%emt 0:00:06]} 15. Bg2 {[%emt 0:01:33]} Nc5 {[%emt 0:08:24]} 1/2-1/2